Catálogo
 En Linea

Los negros curros / (Registro nro. 7697)

Detalles MARC
000 -CABECERA
campo de control de longitud fija 00881cam a2200253 a 4500
001 - NÚMERO DE CONTROL
campo de control 000007919
005 - FECHA Y HORA DE LA ÚLTIMA TRANSACCIÓN
campo de control 20200929154342.0
008 - DATOS DE LONGITUD FIJA--INFORMACIÓN GENERAL
campo de control de longitud fija 880527s1995 cu b 001 f spa
040 ## - FUENTE DE LA CATALOGACIÓN
Centro catalogador/agencia de origen DO-SdBNP
Centro/agencia transcriptor DLC
Centro/agencia modificador DLC
043 ## - CÓDIGO DE ÁREA GEOGRÁFICA
Código de área geográfica nwcu---
082 ## - NÚMERO DE LA CLASIFICACIÓN DECIMAL DEWEY
Número de clasificación 972.9100496
Número de documento/Ítem O77n
049 ## - FONDOS LOCALES (OCLC)
Fondos de biblioteca BNGR
100 1# - ENTRADA PRINCIPAL--NOMBRE DE PERSONA
Nombre de persona Ortiz, Fernando,
Forma completa/desarrollada del nombre (Fernando Ortiz Fernández)
Fechas asociadas al nombre 1881-1969.
9 (RLIN) 21703
245 14 - MENCIÓN DE TÍTULO
Título Los negros curros /
Mención de responsabilidad, etc. Fernando Ortiz ; texto establecido con prólogo y notas aclaratorias, Diana Iznaga.
260 ## - PUBLICACIÓN, DISTRIBUCIÓN, ETC.
Lugar de publicación, distribución, etc. La Habana :
Nombre del editor, distribuidor, etc. Ciencias Sociales,
Fecha de publicación, distribución, etc. 1995.
300 ## - DESCRIPCIÓN FÍSICA
Extensión xxviii, 342 p., ;
Dimensiones 23 cm.
490 1# - MENCIÓN DE SERIE
Mención de serie Pensamiento cubano
504 ## - NOTA DE BIBLIOGRAFÍA, ETC.
Nota de bibliografía, etc. Bibliografía: p. 327-342.
650 #4 - PUNTO DE ACCESO ADICIONAL DE MATERIA--TÉRMINO DE MATERIA
Término de materia o nombre geográfico como elemento de entrada Negros
Subdivisión geográfica Cuba
Subdivisión general Historia
9 (RLIN) 21704
650 #4 - PUNTO DE ACCESO ADICIONAL DE MATERIA--TÉRMINO DE MATERIA
Término de materia o nombre geográfico como elemento de entrada Blacks
Subdivisión geográfica Cuba
Subdivisión general Condiciones sociales
9 (RLIN) 21705
700 1# - PUNTO DE ACCESO ADICIONAL--NOMBRE DE PERSONA
Nombre de persona Iznaga, Diana,
Término indicativo de función/relación pról.
9 (RLIN) 21706
830 #0 - PUNTO DE ACCESO ADICIONAL DE SERIE-TÍTULO UNIFORME
Título uniforme Pensamiento cubano ;
9 (RLIN) 21707
910 ## - DATOS DE OPCIÓN DEL USUARIO (OCLC)
Datos de opción del usuario Catalogación derivada
Existencias
Estado de retiro Estado de pérdida Restricciones de uso No para préstamo Código de colección Localización permanente Ubicación/localización actual Ubicación en estantería Fecha de adquisición Número de inventario Total de préstamos Signatura topográfica completa Código de barras Fecha visto por última vez Precio válido a partir de Tipo de ítem Koha Número de copia
      Excluido de préstamo Monografías: Libros y Folletos General General Depósito 11.09.2009 LF1   972.9100496 O77n 7919-10 25.06.2020 25.06.2020 No se presta  
      Excluido de préstamo Monografías: Libros y Folletos General General En catalogación 26.09.2011 LF1   972.9100496 O77n 7919-20 25.06.2020 25.06.2020 No se presta e. 2

Con tecnología Koha